| 000 | 00510nam a2200217Ia 4500 | ||
|---|---|---|---|
| 003 | OSt | ||
| 005 | 20220928141641.0 | ||
| 006 | a|||||r|||| 00| 0 | ||
| 007 | ta | ||
| 008 | 220927b |||||||| |||| 00| 0 eng d | ||
| 024 | _a16513 | ||
| 037 | _cTextual | ||
| 040 |
_aSDCL _cSDCL _beng |
||
| 041 |
_2eng _aeng |
||
| 082 | _aWxM85, L7 | ||
| 100 | _aParkinson G H R | ||
| 245 | 0 | _aGeorg Lukacs | |
| 260 | _c1977 | ||
| 942 |
_hWxM85, L7 _cTEXL _2CC |
||
| 999 |
_c818863 _d818863 |
||